30 Two-Word US Cities: Map Quiz - Statistics

General Stats
  • This quiz has been taken 56 times
  • The average score is 24 of 30
Answers on the Map
Answers color-coded by a green-red scale on the quiz's map according to % correct below.
 
Answer Stats
City % Correct
New Orleans
100%
San Diego
100%
San Francisco
100%
Kansas City
98%
Oklahoma City
98%
St. Louis
98%
Baton Rouge
96%
Las Vegas
96%
Los Angeles
96%
San Antonio
96%
San Jose
96%
El Paso
94%
Fort Worth
94%
Des Moines
92%
St. Paul
92%
Colorado Springs
90%
Little Rock
90%
Virginia Beach
81%
Corpus Christi
79%
Grand Rapids
77%
Fort Wayne
75%
San Bernardino
71%
St. Petersburg
71%
Jersey City
69%
Long Beach
69%
Chula Vista
56%
Santa Ana
48%
Huntington Beach
38%
Grand Prairie
25%
Moreno Valley
15%
No matching quizzes found
Score Distribution
Percent of People with Each Score
Percentile by Number Answered
Your Score History
You have not taken this quiz